Technické kreslení podle mezinárodních norem I : Pravidla tvorby výkresů ve strojírenství

Enregistré dans:
Détails bibliographiques
Auteur principal: Drastík, František (Auteur)
Format: Livre
Langue:tchèque
Publié: Ostrava : MONTANEX, 2000
Édition:2. dotisk
Sujets:
Accès en ligne:OBSAH
Tags: Ajouter un tag
Pas de tags, Soyez le premier à ajouter un tag!

MARC

LEADER 00000nam a22000003a 4500
001 stu79596
005 20150617225641.3
008 030307s2000----xr------------------cze-d
020 |a 80-7225-013-2 
040 |a STU  |b slo 
041 0 |a cze 
044 |a xr 
080 |a 744 
080 |a 621 
100 1 |a Drastík, František  |4 aut 
245 1 |a Technické kreslení podle mezinárodních norem I :  |b Pravidla tvorby výkresů ve strojírenství 
250 |a 2. dotisk 
260 |a Ostrava :  |b MONTANEX,  |c 2000 
300 |a 230 s 
650 7 |a kreslenie technické  |2 stusub 
650 7 |a strojárstvo  |2 stusub 
856 4 |a https://sweb.mtf.stuba.sk/obsahy/technicke_kresleni_podle_medz_norem_1_00.PDF  |u https://sweb.mtf.stuba.sk/obsahy/technicke_kresleni_podle_medz_norem_1_00.PDF  |3 OBSAH 
996 |b 284M059542  |c M*11460-2  |l MMKN  |s A  |a 24  |w stu79596_0001 
996 |b 284M059543  |c M*11460-3  |l MMKN  |s A  |a 24  |w stu79596_0002 
996 |b 284M059544  |c M*11460-4  |l MMKN  |s A  |a 24  |w stu79596_0003 
996 |b 284J011041  |c J*100611  |l JJST  |s P  |a 0  |w stu79596_0004